Alternatívne formy financovania
Špeciálne (alternatívne) úverové operácie komerčných bánk sú faktoring, forfaiting a leasing. Stručný popis týchto úverových operácií.
Na minha lista:
| Autor principal: | |
|---|---|
| Formato: | Capítulo de Livro |
| Idioma: | eslovaco |
| Assuntos: | |
| Tags: |
Sem tags, seja o primeiro a adicionar uma tag!
|
MARC
| LEADER | 00000naa$a2200000$$$4500 | ||
|---|---|---|---|
| 001 | 0126295 | ||
| 005 | 20240502072435.6 | ||
| 041 | 0 | |a slo | |
| 044 | |a SK | ||
| 245 | 1 | 0 | |a Alternatívne formy financovania |c Dana Tkáčová |
| 520 | |a Špeciálne (alternatívne) úverové operácie komerčných bánk sú faktoring, forfaiting a leasing. Stručný popis týchto úverových operácií. | ||
| 610 | 2 | 0 | |a banky obchodné |
| 610 | 2 | 0 | |a operácie bankové |
| 610 | 2 | 0 | |a úver bankový |
| 610 | 2 | 0 | |a faktoring |
| 610 | 2 | 0 | |a forfaiting |
| 610 | 2 | 0 | |a lízing |
| 100 | 1 | |a Tkáčová, Daniela, 1954- | |